Na jeseň sa chystá krstiť nový album speváčka Marcela Laiferová si leto užíva plnými dúškami vo svojom novom dome v Piešťanoch

Bibliographic Details
Main Author: Kiraľvargová, Dáša (Author)
Format: Article
Language:Slovak
PhysicalDescription:Obr.
ISSN:1336-5320
Subjects:

MARC

LEADER 00000nab a2200000 a 4500
001 vtls009314403
003 SK-MaSNL
005 20260426093925.0
008 080723 2008 xo r r 000 0 slo
038 |a KEVKJB 
040 |a KEVKJB  |b slo  |c KEVKJB  |e AACR2 
041 0 |a slo 
044 |a xo  |c SK 
080 |a 78.071.2  |2 2001 
080 |a 929 Laiferová, Marcela  |2 2001 
100 1 |a Kiraľvargová, Dáša  |4 aut  |9 872583 
245 1 0 |a Na jeseň sa chystá krstiť nový album  |b speváčka Marcela Laiferová si leto užíva plnými dúškami vo svojom novom dome v Piešťanoch  |c Dáša Kiraľvargová 
300 |b Obr. 
600 1 7 |a Laiferová, Marcela,  |d 1945-  |2 kevkjb  |9 100017 
650 0 7 |a speváčky  |2 SNKPH  |9 29824 
650 0 7 |a populárna hudba  |2 kevkjb  |9 3428 
650 0 7 |a hosťovanie  |z Košice (Slovensko)  |2 kevkjb  |9 1027202 
651 7 |a Piešťany (Slovensko)  |2 kevkjb  |9 23981 
651 7 |a Košice (Slovensko)  |2 kevkjb  |9 18694 
651 7 |a Slovensko  |2 SNKPHgeo  |9 14231 
773 0 |t Košický večer  |g Roč. 19(40), č. 29 (18.7.2008), s. 16  |x 1336-5320 
852 |a KEVKJB  |b KIS3GCP 
958 |a BX 
999 |c 3119921  |d 3121851